Harry Potter characters who had said the name "Voldemort" - Statistics

General Stats
  • This quiz has been taken 340 times
    329 since last reset
  • The average score is 6 of 10
Answer Stats
Answer % Correct
Harry Potter
100%
Albus Dumbledore
94%
Hermione Granger
93%
Minerva McGonagall
70%
Remus Lupin
66%
Sirius Black
60%
Rubeus Hagrid
59%
Tom Riddle
41%
Barty Crouch
27%
Gellert Grindelwald
21%
No matching quizzes found
Score Distribution
Percent of People with Each Score
Percentile by Number Answered
Your Score History
You have not taken this quiz since the last reset